Blandings Castle (Record no. 582)

MARC details
000 -LEADER
fixed length control field 00377nam a22001697a 4500
005 - DATE AND TIME OF LATEST TRANSACTION
control field 20160511152906.0
008 - FIXED-LENGTH DATA ELEMENTS--GENERAL INFORMATION
fixed length control field 160511b xxu||||| |||| 00| 0 eng d
020 ## - INTERNATIONAL STANDARD BOOK NUMBER
ISBN 978-0-09951383-4
041 ## - LANGUAGE CODE
Language code of text/sound track or separate title eng
082 ## - DEWEY DECIMAL CLASSIFICATION NUMBER
Item number 1319
100 ## - MAIN ENTRY--AUTHOR NAME
Personal name House wode
245 ## - TITLE STATEMENT
Title Blandings Castle
260 ## - PUBLICATION, DISTRIBUTION, ETC. (IMPRINT)
Name of publisher Arrow books
Year of publication 2008
300 ## - PHYSICAL DESCRIPTION
Number of Pages 300
650 ## - SUBJECT ADDED ENTRY--TOPICAL TERM
Topical Term Management
942 ## - ADDED ENTRY ELEMENTS (KOHA)
Koha item type Books
Holdings
Lost status Damaged status Collection code Home library Current library Shelving location Date acquired Cost, normal purchase price Full call number Accession Number Koha item type
    LIFE SKILL JRU Library JRU Library SHELF-101-A 11/05/2016 195.00 823.912 1319 Books